[Event "AUT-chT 2001-2002"]
[Site ""]
[Date "2002.01.17"]
[Round "5.2"]
[White "Horvath, Jozsef"]
[Black "Nielsen, Peter Heine"]
[Result "1/2-1/2"]
[WhiteElo "2551"]
[BlackElo "2620"]
[PlyCount "43"]
[EventDate "2002.01.17"]

1. Nf3 d5 2. d4 Nf6 3. c4 e6 4. Nc3 dxc4 5. Qa4+ c6 6. Qxc4 b5 7. Qd3 Bb7 8. e4
b4 9. Na4 Nbd7 10. e5 Nd5 11. Bd2 Qa5 12. b3 c5 13. dxc5 Bxc5 14. Qb5 Qxb5 15.
Bxb5 Be7 16. Rc1 a6 17. Bc6 Bxc6 18. Rxc6 O-O 19. O-O Rfc8 20. Rfc1 Rxc6 21.
Rxc6 Kf8 22. Kf1 1/2-1/2

[Event "AUT-chT 2001-2002"]
[Site ""]
[Date "2002.01.17"]
[Round "5.4"]
[White "Steflitsch, Erich"]
[Black "Wittmann, Walter"]
[Result "1/2-1/2"]
[WhiteElo "2371"]
[BlackElo "2356"]
[PlyCount "22"]
[EventDate "2002.01.17"]

1. e4 c5 2. Nf3 d6 3. d4 cxd4 4. Nxd4 Nf6 5. Nc3 Nc6 6. Bg5 Bd7 7. Be2 Qa5 8.
Bxf6 gxf6 9. O-O Nxd4 10. Qxd4 Rc8 11. a4 Qc5 1/2-1/2

[Event "AUT-chT 2001-2002"]
[Site ""]
[Date "2002.01.17"]
[Round "5.5"]
[White "Kuba, Guenter"]
[Black "Pilaj, Herwig"]
[Result "1/2-1/2"]
[WhiteElo "2313"]
[BlackElo "2318"]
[PlyCount "24"]
[EventDate "2002.01.17"]

1. e4 c5 2. Nf3 e6 3. c3 d5 4. exd5 exd5 5. d4 Nc6 6. Bb5 Be6 7. dxc5 Bxc5 8.
O-O Nge7 9. Nbd2 O-O 10. Nb3 Bd6 11. Nfd4 Bc7 12. Re1 Qd6 1/2-1/2

[Event "AUT-chT 2001-2002"]
[Site ""]
[Date "2002.01.17"]
[Round "5.6"]
[White "Titz, Heimo"]
[Black "Postl, Anton"]
[Result "1-0"]
[WhiteElo "2306"]
[BlackElo "2283"]
[PlyCount "129"]
[EventDate "2002.01.17"]

1. c4 Nf6 2. d4 g6 3. Nf3 Bg7 4. g3 O-O 5. Bg2 d5 6. cxd5 Nxd5 7. O-O Nc6 8. e4
Nb6 9. d5 Na5 10. Nc3 c6 11. Nd4 e6 12. Nde2 exd5 13. exd5 Bg4 14. f3 Bf5 15.
g4 Bc8 16. dxc6 Nxc6 17. Qxd8 Rxd8 18. Bg5 f6 19. Bf4 f5 20. g5 Be6 21. Rad1
Nd4 22. b3 Rac8 23. Be3 Nxe2+ 24. Nxe2 Rxd1 25. Rxd1 Nd5 26. Kf2 Rc2 27. Rd2
Nxe3 28. Kxe3 Rxd2 29. Kxd2 Bd5 30. Ke3 Kf7 31. Nf4 Bc6 32. Bf1 b5 33. Be2 Be5
34. h3 a5 35. Nd3 Bd6 36. f4 Ke6 37. h4 Be4 38. Ne5 Bxe5 39. fxe5 Kxe5 40. Bxb5
f4+ 41. Kf2 Bd5 42. Be2 Kd4 43. Bd1 Kc3 44. Be2 Be4 45. Bc4 a4 46. Bg8 a3 47.
Bxh7 Kb2 48. Bg8 Kxa2 49. b4+ Kb2 50. b5 Kc3 51. b6 Kd4 52. h5 gxh5 53. g6 Kc5
54. g7 Kxb6 55. Ba2 Bh7 56. Kf3 Kc5 57. Kxf4 Kd4 58. Kg5 h4 59. Kh6 h3 60. Kxh7
h2 61. Bd5 Kxd5 62. g8=Q+ Kd4 63. Qa8 a2 64. Kg6 Ke3 65. Kg5 1-0

[Event "AUT-chT 2001-2002"]
[Site ""]
[Date "2002.01.17"]
[Round "5.1"]
[White "Hickl, Joerg"]
[Black "Mueller, Karsten"]
[Result "1/2-1/2"]
[WhiteElo "2600"]
[BlackElo "2506"]
[PlyCount "46"]
[EventDate "2002.01.17"]

1. b3 e5 2. Bb2 Nc6 3. e3 Nf6 4. c4 d5 5. cxd5 Nxd5 6. a3 Bd6 7. d3 O-O 8. Nf3
f5 9. Be2 Kh8 10. Nbd2 Qe7 11. Qc2 Bd7 12. b4 b5 13. g3 Nb6 14. Rc1 Na4 15. Ba1
a5 16. bxa5 Bxa3 17. Rb1 Rxa5 18. O-O Bd6 19. Nb3 Raa8 20. Qd2 Bb4 21. Qc2 Bd6
22. Qd2 Bb4 23. Qc2 Bd6 1/2-1/2

[Event "AUT-chT 2001-2002"]
[Site ""]
[Date "2002.01.17"]
[Round "5.4"]
[White "Kotz, Heinz Peter"]
[Black "Novkovic, Milan"]
[Result "1/2-1/2"]
[WhiteElo "2364"]
[BlackElo "2396"]
[PlyCount "39"]
[EventDate "2002.01.17"]

1. e4 e6 2. d4 d5 3. Nc3 Bb4 4. e5 b6 5. a3 Bf8 6. Nf3 Ne7 7. Bd3 h6 8. Ne2 Ba6
9. O-O Bxd3 10. Qxd3 Qd7 11. b4 Nbc6 12. Nf4 h5 13. Rd1 Rd8 14. Bb2 g6 15. h4
Bh6 16. Ng5 Bxg5 17. hxg5 Nf5 18. c4 Nce7 19. c5 O-O 20. Rac1 1/2-1/2

[Event "AUT-chT 2001-2002"]
[Site ""]
[Date "2002.01.17"]
[Round "5.5"]
[White "Gaertner, Guntram"]
[Black "Perhinig, Robert"]
[Result "1-0"]
[WhiteElo "2392"]
[BlackElo "2191"]
[PlyCount "151"]
[EventDate "2002.01.17"]

1. b3 d5 2. Bb2 Nf6 3. Nf3 g6 4. e3 Bg7 5. Be2 O-O 6. O-O b6 7. c4 c5 8. cxd5
Bb7 9. Qc2 Bxd5 10. Nc3 Bb7 11. d4 cxd4 12. Nxd4 Nbd7 13. Bf3 Bxf3 14. Nxf3 Rc8
15. Qe2 Qc7 16. e4 Nc5 17. e5 Ng4 18. h3 Nh6 19. Ba3 Rfd8 20. Rfd1 Bf8 21. Nb5
Qb7 22. Rxd8 Rxd8 23. Bxc5 bxc5 24. Na3 Nf5 25. Nc4 e6 26. Rd1 Nd4 27. Nxd4
cxd4 28. Nb2 Ba3 29. Nc4 Be7 30. Rd3 Qd5 31. Nd2 Bc5 32. Qe4 Bb6 33. Qxd5 Rxd5
34. f4 Kg7 35. Ne4 Rd7 36. Nd6 Kf8 37. Nc4 Bc5 38. Kf2 Ke7 39. Kf3 f5 40. exf6+
Kxf6 41. Ke4 h6 42. g4 Rd5 43. Rf3 Rd8 44. h4 h5 45. g5+ Kg7 46. Ne5 Bb6 47.
Rd3 Rc8 48. Nc4 Bc5 49. Ne5 Bb6 50. Nd7 Rc2 51. Nxb6 axb6 52. Rxd4 Re2+ 53. Kd3
Rxa2 54. Rd7+ Kf8 55. Rb7 Rh2 56. Rxb6 Rxh4 57. Ke4 Rg4 58. Rxe6 Kf7 59. Rc6
Rg1 60. Rc7+ Ke6 61. Rg7 Re1+ 62. Kf3 Rc1 63. Rxg6+ Kd5 64. Kg3 Rg1+ 65. Kf2
Rb1 66. Kg3 Rg1+ 67. Kf3 Rc1 68. f5 Rc3+ 69. Kf4 Rxb3 70. f6 Ke6 71. Rg7 Rb4+
72. Kf3 Rb1 73. Kg2 Rb2+ 74. Kg3 Rb4 75. f7 Rb8 76. g6 1-0

[Event "AUT-chT 2001-2002"]
[Site ""]
[Date "2002.01.17"]
[Round "5.6"]
[White "Walzl, Martin"]
[Black "Mittelberger, Peter"]
[Result "1/2-1/2"]
[WhiteElo "2083"]
[BlackElo "2282"]
[PlyCount "81"]
[EventDate "2002.01.17"]

1. d4 d6 2. c4 g6 3. Nc3 Bg7 4. e4 Nf6 5. h3 c6 6. Bg5 Qa5 7. Qd2 a6 8. Bd3 b5
9. Nf3 bxc4 10. Bxc4 Nbd7 11. O-O O-O 12. Rfe1 e5 13. dxe5 dxe5 14. Qc2 Re8 15.
Na4 Nf8 16. Bd2 Qc7 17. Ng5 Ne6 18. Nxe6 Bxe6 19. Bxe6 Rxe6 20. Be3 Nd7 21.
Red1 Bf8 22. Rxd7 Qxd7 23. Nb6 Qb7 24. Nxa8 Qxa8 25. Rd1 Rd6 26. Rxd6 Bxd6 27.
Qd3 Bf8 28. f3 Qc8 29. Bg5 Kg7 30. Be3 Be7 31. b3 Qb7 32. Kf1 Bh4 33. Bc5 Qb5
34. Qxb5 cxb5 35. a4 Kf6 36. axb5 axb5 37. Ke2 Ke6 38. Kd3 Kd7 39. Be3 Kd6 40.
Ba7 Bg3 41. Be3 1/2-1/2

[Event "AUT-chT 2001-2002"]
[Site ""]
[Date "2002.01.17"]
[Round "5.2"]
[White "Popovic, Petar"]
[Black "Lehner, Oliver"]
[Result "1-0"]
[WhiteElo "2532"]
[BlackElo "2437"]
[PlyCount "61"]
[EventDate "2002.01.17"]

1. e4 c6 2. d3 d5 3. Nd2 e5 4. Ngf3 Bd6 5. g3 Nf6 6. Bg2 O-O 7. O-O a5 8. Re1
Re8 9. c3 Na6 10. d4 dxe4 11. Nxe4 Nxe4 12. Rxe4 Bf5 13. Re1 exd4 14. Nxd4
Rxe1+ 15. Qxe1 Bg6 16. Be3 Qe7 17. Rd1 Nc5 18. Qe2 Bc7 19. h4 h5 20. Bf3 Re8
21. Bxh5 Bxg3 22. Bxg6 fxg6 23. Qc4+ Kh8 24. Nf3 Qf8 25. Ng5 Rxe3 26. Nf7+ Kh7
27. fxe3 b5 28. Ng5+ Kh6 29. Qf7 Qc8 30. Qf3 Bxh4 31. Rd8 1-0

[Event "AUT-chT 2001-2002"]
[Site ""]
[Date "2002.01.17"]
[Round "5.3"]
[White "Vogt, Lothar"]
[Black "Loeffler, Stefan"]
[Result "1/2-1/2"]
[WhiteElo "2460"]
[BlackElo "2400"]
[PlyCount "151"]
[EventDate "2002.01.17"]

1. e4 Nf6 2. e5 Nd5 3. d4 d6 4. Nf3 dxe5 5. Nxe5 c6 6. Be2 Bf5 7. O-O Nd7 8.
Nf3 e6 9. c4 Nb4 10. a3 Nc2 11. Ra2 c5 12. d5 e5 13. Bg5 Be7 14. Bxe7 Qxe7 15.
Bd3 Bxd3 16. Qxd3 Nd4 17. Nxd4 exd4 18. b4 O-O 19. Re2 Qd6 20. bxc5 Qxc5 21.
Re4 Nf6 22. Rxd4 Rfe8 23. Nd2 Re7 24. h3 Rae8 25. a4 Qd6 26. Qg3 Qxg3 27. fxg3
Nd7 28. a5 Nc5 29. Rb1 f5 30. d6 Rd7 31. Rd5 Rc8 32. Rb5 Na4 33. Rb4 Nc5 34.
Nf3 Ne4 35. Nd4 g6 36. Nb5 a6 37. Nd4 Rxd6 38. Rxb7 Rxd5 39. cxd5 Rc1+ 40. Kh2
Nf2 41. g4 f4 42. g3 Rd1 43. Nf3 Rxd5 44. gxf4 Rxa5 45. Ng5 Ra4 46. Ne6 Ne4 47.
g5 Ra2+ 48. Kg1 Re2 49. Rg7+ Kh8 50. Rf7 h6 51. gxh6 Nd6 52. Rf6 Nf5 53. Ng5
Nxh6 54. Rxg6 Nf5 55. Rxa6 Kg7 56. Ra5 Kf6 57. Nh7+ Kg7 58. Rxf5 Kxh7 59. Rg5
Kh6 60. Kf1 Ra2 61. Rg3 Ra4 62. Rf3 Kg6 63. Kg2 Kf5 64. Kg3 Ra1 65. Kh4 Rg1 66.
Rg3 Rf1 67. Rg8 Rxf4+ 68. Kh5 Ke6 69. Rg4 Rf3 70. h4 Kf7 71. Kh6 Kf8 72. h5 Rf7
73. Rg6 Rf5 74. Rb6 Kg8 75. Kg6 Rf8 76. h6 1/2-1/2

[Event "AUT-chT 2001-2002"]
[Site ""]
[Date "2002.01.17"]
[Round "5.4"]
[White "Penz, Harald"]
[Black "Neubauer, Martin"]
[Result "1/2-1/2"]
[WhiteElo "2351"]
[BlackElo "2434"]
[PlyCount "66"]
[EventDate "2002.01.17"]

1. e4 d6 2. d4 Nf6 3. Nc3 g6 4. Nf3 Bg7 5. Be2 O-O 6. O-O Bg4 7. Be3 Nc6 8. Qd2
e5 9. Rad1 Bxf3 10. Bxf3 exd4 11. Bxd4 Nxe4 12. Bxe4 Nxd4 13. Bxb7 Rb8 14. Bd5
c6 15. Bb3 d5 16. Rfe1 Qf6 17. Qd3 Rfe8 18. Re3 Qg5 19. Kf1 Qh5 20. h3 Rxe3 21.
fxe3 Nf5 22. Re1 Re8 23. Nd1 Qh4 24. c3 Bh6 25. Bc2 Qg3 26. Qe2 Rxe3 27. Qf2
Rxe1+ 28. Kxe1 Qxf2+ 29. Kxf2 Nd6 30. Kf3 Kf8 31. Nf2 Ke7 32. Nd3 Bg7 33. Ba4
Nc4 1/2-1/2

[Event "AUT-chT 2001-2002"]
[Site ""]
[Date "2002.01.17"]
[Round "5.5"]
[White "Neumeier, Klaus"]
[Black "Roth, Peter"]
[Result "1-0"]
[WhiteElo "2344"]
[BlackElo "2327"]
[PlyCount "79"]
[EventDate "2002.01.17"]

1. e4 e6 2. d4 d5 3. Nc3 Bb4 4. e5 c5 5. a3 Bxc3+ 6. bxc3 Ne7 7. a4 Bd7 8. Nf3
h6 9. Bd3 c4 10. Be2 Qa5 11. O-O Nbc6 12. Qe1 O-O-O 13. Ba3 Ng6 14. Bb4 Nxb4
15. cxb4 Qc7 16. Qd2 f6 17. Rfe1 fxe5 18. dxe5 Rdf8 19. g3 Kb8 20. Qd4 Rf5 21.
Bd1 Rhf8 22. Ra3 Ne7 23. b5 g5 24. Rae3 Be8 25. Qc3 d4 26. Nxd4 Nd5 27. Qa3
Nxe3 28. Qxe3 Qf7 29. Nxf5 Qxf5 30. Qd4 Bg6 31. Bg4 Qf7 32. Re2 Bf5 33. Bxf5
Qxf5 34. Qxc4 h5 35. Qe4 Qf7 36. Rd2 h4 37. Qd4 h3 38. Qd6+ Kc8 39. f4 gxf4 40.
Rd4 1-0

[Event "AUT-chT 2001-2002"]
[Site ""]
[Date "2002.01.17"]
[Round "5.3"]
[White "Rolletschek, Heinrich"]
[Black "Frosch, Erich"]
[Result "0-1"]
[WhiteElo "2269"]
[BlackElo "2339"]
[PlyCount "106"]
[EventDate "2002.01.17"]

1. e4 e5 2. Nf3 Nc6 3. Bb5 a6 4. Bxc6 dxc6 5. O-O Qd6 6. d4 exd4 7. Nxd4 Qg6 8.
Nc3 Bd7 9. Be3 O-O-O 10. Qe2 Nf6 11. f3 Bd6 12. Rad1 Rhe8 13. Qf2 Kb8 14. Nde2
h5 15. Nf4 Qh7 16. Nd3 h4 17. Bg5 Qg6 18. Bxh4 Qh6 19. e5 Bxe5 20. Nxe5 Rxe5
21. Rd3 Rh8 22. Bg3 Re7 23. Re1 Rxe1+ 24. Qxe1 Re8 25. Qd2 Qxd2 26. Rxd2 Kc8
27. Bh4 Re6 28. Bxf6 Rxf6 29. Ne4 Rf5 30. Kf2 Be6 31. a3 Rh5 32. h3 b6 33. f4
f6 34. Ke3 Rh8 35. Nc3 a5 36. Nd1 Kb7 37. Kf2 c5 38. Ne3 Kc6 39. Kf3 b5 40. f5
Bf7 41. Kg4 b4 42. a4 Re8 43. Kf4 Re7 44. h4 c4 45. Rd8 Kc5 46. g4 c6 47. Ra8
Kd4 48. Nf1 Re2 49. c3+ Kd3 50. cxb4 axb4 51. Ra7 Bd5 52. Rxg7 c3 53. bxc3 bxc3
0-1

[Event "AUT-chT 2001-2002"]
[Site ""]
[Date "2002.01.17"]
[Round "5.4"]
[White "Grosar, Aljosa"]
[Black "Baumgartner, Heinz"]
[Result "1-0"]
[WhiteElo "2442"]
[BlackElo "2350"]
[PlyCount "59"]
[EventDate "2002.01.17"]

1. e4 d5 2. exd5 Qxd5 3. Nc3 Qa5 4. d4 c6 5. Nf3 Nf6 6. Bc4 Bf5 7. Bd2 e6 8.
Ne4 Qc7 9. Nxf6+ gxf6 10. Qe2 Nd7 11. O-O-O O-O-O 12. Bb3 Bd6 13. Nh4 Bg6 14.
g3 Rde8 15. Rhe1 Re7 16. f4 f5 17. c4 c5 18. Bc3 Rhe8 19. dxc5 Nxc5 20. Bc2 b6
21. Nxg6 hxg6 22. Bf6 Rd7 23. b4 Ne4 24. Bxe4 fxe4 25. Qxe4 Bxb4 26. Rxd7 Qxd7
27. Qa8+ Kc7 28. Be5+ Bd6 29. Qxa7+ Kc8 30. Qxd7+ 1-0

[Event "AUT-chT 2001-2002"]
[Site ""]
[Date "2002.01.17"]
[Round "5.5"]
[White "Woeber, Friedrich"]
[Black "Fahrner, Kurt"]
[Result "0-1"]
[WhiteElo "2189"]
[BlackElo "2367"]
[PlyCount "64"]
[EventDate "2002.01.17"]

1. e4 Nf6 2. Nc3 d5 3. e5 Nfd7 4. f4 e6 5. Nf3 c5 6. g3 Nc6 7. Bg2 Be7 8. O-O
O-O 9. d3 Rb8 10. a4 a6 11. Bd2 b6 12. Re1 Qc7 13. Kh1 Bb7 14. Bh3 Rbe8 15. f5
d4 16. Ne4 exf5 17. Bxf5 Ncxe5 18. Bf4 Bd6 19. Nfg5 h6 20. Nh7 g6 21. Bxd7 Kxh7
22. Bxe8 f5 23. Bxe5 Bxe5 24. Bxg6+ Kxg6 25. Rf1 Rf6 26. Kg1 Qc6 27. Rf2 fxe4
28. Qg4+ Kh7 29. Rxf6 Bxf6 30. Rf1 e3 31. Qf5+ Kg7 32. Qg4+ Kf8 0-1

[Event "AUT-chT 2001-2002"]
[Site ""]
[Date "2002.01.17"]
[Round "5.6"]
[White "Stoll, Thomas"]
[Black "Winiwarter, Felix"]
[Result "1/2-1/2"]
[WhiteElo "2249"]
[BlackElo "2174"]
[PlyCount "62"]
[EventDate "2002.01.17"]

1. d4 Nf6 2. Nf3 g6 3. Bg5 Bg7 4. Nbd2 d5 5. e3 O-O 6. Bd3 Nbd7 7. O-O b6 8. e4
dxe4 9. Nxe4 Bb7 10. Re1 c5 11. c3 cxd4 12. cxd4 Nxe4 13. Bxe4 Bxe4 14. Rxe4
Nf6 15. Rh4 Qd5 16. Qe2 e6 17. Qe3 Qf5 18. h3 Nd5 19. Qe4 Qxe4 20. Rxe4 Rac8
21. Re2 Rc4 22. Rd1 Rfc8 23. g3 b5 24. Kg2 a5 25. Ne5 R4c7 26. Ng4 a4 27. a3
Rc4 28. Ne5 R4c7 29. Ng4 Rc2 30. Rdd2 R2c6 31. Ne5 R6c7 1/2-1/2

[Event "AUT-chT 2001-2002"]
[Site ""]
[Date "2002.01.17"]
[Round "5.2"]
[White "Luther, Thomas"]
[Black "Van Der Weide, Karel"]
[Result "1-0"]
[WhiteElo "2604"]
[BlackElo "2457"]
[PlyCount "75"]
[EventDate "2002.01.17"]

1. e4 c5 2. Nf3 Nc6 3. d4 cxd4 4. Nxd4 Nf6 5. Nc3 e5 6. Ndb5 d6 7. Bg5 a6 8.
Na3 Be6 9. Nc4 Rc8 10. Bxf6 Qxf6 11. Nb6 Rb8 12. Ncd5 Qd8 13. c3 Be7 14. a4 Bg5
15. g3 O-O 16. h4 Bh6 17. Bh3 Kh8 18. Kf1 Ne7 19. Kg2 Bxd5 20. Nxd5 Nxd5 21.
Qxd5 Qb6 22. b4 Qc6 23. Qxc6 bxc6 24. Bd7 d5 25. Bxc6 Bd2 26. exd5 Bxc3 27. b5
axb5 28. axb5 Bxa1 29. Rxa1 g6 30. Kf3 Kg7 31. Ke4 Kf6 32. Ra3 h5 33. Rf3+ Ke7
34. Kxe5 f6+ 35. Kd4 Kd6 36. Re3 g5 37. Re6+ Kc7 38. Kc5 1-0

[Event "AUT-chT 2001-2002"]
[Site ""]
[Date "2002.01.17"]
[Round "5.3"]
[White "Brestian, Egon"]
[Black "Stanec, Nikolaus"]
[Result "1/2-1/2"]
[WhiteElo "2428"]
[BlackElo "2512"]
[PlyCount "40"]
[EventDate "2002.01.17"]

1. d4 Nf6 2. Nf3 g6 3. Nc3 d5 4. Bf4 c6 5. e3 Nbd7 6. h3 Bg7 7. Be2 O-O 8. O-O
Re8 9. Bh2 Nf8 10. Ne5 N6d7 11. Nd3 e5 12. dxe5 Nxe5 13. Nxe5 Bxe5 14. Bxe5
Rxe5 15. Qd2 Re8 16. Rad1 Bf5 17. Rfe1 Qf6 18. Bd3 Bxd3 19. cxd3 Ne6 20. d4 Ng5
1/2-1/2

[Event "AUT-chT 2001-2002"]
[Site ""]
[Date "2002.01.17"]
[Round "5.5"]
[White "Lendwai, Reinhard"]
[Black "Teske, Henrik"]
[Result "1/2-1/2"]
[WhiteElo "2372"]
[BlackElo "2504"]
[PlyCount "120"]
[EventDate "2002.01.17"]

1. e4 e6 2. d3 d5 3. Nd2 c5 4. g3 Nc6 5. Bg2 Nge7 6. Ngf3 g6 7. O-O Bg7 8. Re1
b6 9. c3 dxe4 10. dxe4 O-O 11. Nc4 Qc7 12. a4 Rd8 13. Qb3 Ba6 14. Bf4 e5 15.
Be3 h6 16. Bf1 Bc8 17. a5 Rb8 18. axb6 axb6 19. Red1 Rxd1 20. Qxd1 Bg4 21. Be2
Be6 22. Ra6 Bc8 23. Ra1 Be6 24. Ra6 b5 25. Ncd2 c4 26. Qa1 Kh7 27. Bc5 Nc8 28.
Qa3 Rb7 29. h4 Nb8 30. Ra8 Nb6 31. Bd6 Qd8 32. Rxb8 Rxb8 33. Bxb8 Qxb8 34. Bd1
Bf8 35. Qa5 Nd7 36. b4 Qb7 37. Bc2 Bd6 38. Nf1 Nf6 39. N1d2 Ng4 40. Nh2 Qd7 41.
Ndf1 Nxh2 42. Kxh2 Bb8 43. Qa1 Ba7 44. Qe1 Bb6 45. Ne3 Qa7 46. Nd1 Bg4 47. Kg2
Qa2 48. Qd2 Kg7 49. f3 Be6 50. g4 Kh7 51. Kg3 Qa7 52. Qe1 Kg7 53. Kh3 h5 54.
Kg3 hxg4 55. fxg4 Qd7 56. g5 Qa7 57. Qd2 Kh7 58. Kf3 Qe7 59. Ne3 f6 60. Ng4
Bxg4+ 1/2-1/2

[Event "AUT-chT 2001-2002"]
[Site ""]
[Date "2002.01.17"]
[Round "5.6"]
[White "Watzka, Horst"]
[Black "Mahdy, Khaled"]
[Result "0-1"]
[WhiteElo "2364"]
[BlackElo "2352"]
[PlyCount "78"]
[EventDate "2002.01.17"]

1. e4 e5 2. Nf3 Nc6 3. Bb5 a6 4. Ba4 Nf6 5. O-O Be7 6. Bxc6 dxc6 7. d3 Nd7 8.
b3 O-O 9. Bb2 Bf6 10. Nbd2 Re8 11. Nc4 g6 12. h3 Bg7 13. Nh2 b5 14. Ne3 Nf6 15.
Qf3 Nh5 16. Kh1 Nf4 17. a4 Bb7 18. d4 f6 19. Rfe1 Ne6 20. dxe5 fxe5 21. Qg3 Qg5
22. Qxg5 Nxg5 23. f3 h5 24. Nhf1 Ne6 25. Red1 Nd4 26. Bc3 Rf8 27. Ba5 Rf7 28.
Be1 Re8 29. Bb4 Bh6 30. Rab1 Bc8 31. Bd2 Bf8 32. Be1 Be6 33. Ra1 Bh6 34. Bg3
Bg7 35. axb5 axb5 36. b4 Ne2 37. Bh4 Bf8 38. Re1 Nc3 39. Ra6 Be7 0-1

[Event "AUT-chT 2001-2002"]
[Site ""]
[Date "2002.01.17"]
[Round "5.2"]
[White "Stangl, Markus"]
[Black "Tischbierek, Raj"]
[Result "1/2-1/2"]
[WhiteElo "2457"]
[BlackElo "2493"]
[PlyCount "35"]
[EventDate "2002.01.17"]

1. c4 e5 2. Nc3 Nf6 3. Nf3 Nc6 4. d3 Bb4 5. Bd2 O-O 6. a3 Bxc3 7. Bxc3 e4 8.
dxe4 Nxe4 9. Rc1 d6 10. e3 Nxc3 11. Rxc3 Qf6 12. Be2 b6 13. Nd4 Nxd4 14. Qxd4
Qxd4 15. exd4 c5 16. Bf3 Rb8 17. O-O Be6 18. Rd1 1/2-1/2

[Event "AUT-chT 2001-2002"]
[Site ""]
[Date "2002.01.17"]
[Round "5.4"]
[White "Reich, Thomas"]
[Black "Druckenthaner, Andreas"]
[Result "0-1"]
[WhiteElo "2356"]
[BlackElo "2330"]
[PlyCount "84"]
[EventDate "2002.01.17"]

1. Nf3 d5 2. d4 Nf6 3. c4 c6 4. e3 Bg4 5. Be2 e6 6. h3 Bxf3 7. Bxf3 Nbd7 8. Nc3
Be7 9. O-O O-O 10. b3 Qa5 11. Bd2 Bb4 12. Qc2 Rac8 13. Rfc1 Qd8 14. a4 Qe7 15.
cxd5 exd5 16. a5 a6 17. h4 Rfe8 18. g3 Nf8 19. Qf5 g6 20. Qh3 Bxc3 21. Bxc3 Ne4
22. Be1 Ne6 23. Ra4 f5 24. Bb4 Qf6 25. Bg2 Nxd4 26. exd4 Nxf2 27. Kxf2 Qxd4+
28. Kf1 Qd3+ 29. Kg1 Qe3+ 30. Kh2 Qxc1 31. Bd6 h5 32. Rb4 Re6 33. Bf4 Qc5 34.
Rxb7 Re1 35. g4 Qg1+ 36. Kg3 hxg4 37. Qh1 Qxh1 38. Bxh1 Rxh1 39. Be5 Re8 40.
Bb2 Rf1 41. h5 gxh5 42. Kh4 g3 0-1

[Event "AUT-chT 2001-2002"]
[Site ""]
[Date "2002.01.17"]
[Round "5.5"]
[White "Opl, Klaus"]
[Black "Sprenger, Wendelin"]
[Result "0-1"]
[WhiteElo "2263"]
[BlackElo "2180"]
[PlyCount "50"]
[EventDate "2002.01.17"]

1. e4 c5 2. Nf3 d6 3. d4 cxd4 4. Nxd4 Nf6 5. Nc3 a6 6. Bg5 e6 7. f4 Nbd7 8. Qf3
Qc7 9. O-O-O b5 10. Bxf6 Nxf6 11. e5 Bb7 12. Qh3 dxe5 13. Ncxb5 axb5 14. Nxe6
fxe6 15. Qxe6+ Be7 16. Bxb5+ Kf8 17. Bc4 Bc5 18. fxe5 Re8 19. Rd8 Rxd8 20. exf6
Qf4+ 21. Kb1 Qxf6 22. Qe2 Re8 23. Qd2 Rd8 24. Qe2 Rd4 25. Bd3 g6 0-1

[Event "AUT-chT 2001-2002"]
[Site ""]
[Date "2002.01.17"]
[Round "5.6"]
[White "Hoellrigl, Wilfried"]
[Black "Peterwagner, Heinz"]
[Result "1-0"]
[WhiteElo "2196"]
[BlackElo "2226"]
[PlyCount "73"]
[EventDate "2002.01.17"]

1. e4 c5 2. c3 d5 3. exd5 Qxd5 4. d4 Nc6 5. Nf3 Bg4 6. Be2 e6 7. h3 Bf5 8. Be3
cxd4 9. Nxd4 Nge7 10. O-O Nxd4 11. cxd4 Nc6 12. Nc3 Qd7 13. Qa4 Bd6 14. Rfd1
O-O 15. Bf3 Rac8 16. Rac1 Rfd8 17. a3 Qe7 18. Ne4 Bb8 19. Bg5 f6 20. Be3 Qc7
21. Ng3 Bg6 22. b4 a6 23. Qb3 Bf7 24. Qb2 Qd7 25. Ne4 b6 26. Be2 f5 27. Ng5 f4
28. Nxf7 Kxf7 29. d5 exd5 30. Bg4 Qd6 31. Bxb6 f3 32. g3 Ne7 33. Bxd8 Rxd8 34.
Rc3 Kg8 35. Rxf3 Ng6 36. Rfd3 Ne5 37. Rxd5 1-0

[Event "AUT-chT 2001-2002"]
[Site ""]
[Date "2002.01.18"]
[Round "6.4"]
[White "Reich, Thomas"]
[Black "Steflitsch, Erich"]
[Result "1/2-1/2"]
[WhiteElo "2356"]
[BlackElo "2371"]
[PlyCount "74"]
[EventDate "2002.01.18"]

1. d4 Nf6 2. c4 e6 3. Nc3 d5 4. cxd5 exd5 5. Bg5 Be7 6. e3 O-O 7. Qc2 Nbd7 8.
Bd3 Re8 9. Nf3 Nf8 10. h3 Nh5 11. Bxe7 Rxe7 12. O-O c6 13. b4 Rc7 14. Rac1 g6
15. b5 c5 16. dxc5 Rxc5 17. Qb2 Ne6 18. Na4 Rxc1 19. Rxc1 Qf6 20. Qxf6 Nxf6 21.
Nc5 Ne8 22. Nb3 Kf8 23. g4 Bd7 24. Ne5 Ke7 25. Bf1 Rd8 26. a4 f6 27. Nd3 Rc8
28. Rd1 Rc3 29. Na5 Bc8 30. Nb4 N8c7 31. Bg2 Nc5 32. Nxd5+ Nxd5 33. Bxd5 Nxa4
34. Bxb7 Bxb7 35. Nxb7 Rc7 36. Na5 Nc3 37. Ra1 Nxb5 1/2-1/2

[Event "AUT-chT 2001-2002"]
[Site ""]
[Date "2002.01.18"]
[Round "6.5"]
[White "Pilaj, Herwig"]
[Black "Sprenger, Wendelin"]
[Result "0-1"]
[WhiteElo "2318"]
[BlackElo "2180"]
[PlyCount "80"]
[EventDate "2002.01.18"]

1. d4 d5 2. Nf3 Nf6 3. c4 c6 4. e3 e6 5. Bd3 Nbd7 6. O-O Bd6 7. Nc3 O-O 8. e4
dxe4 9. Nxe4 Nxe4 10. Bxe4 e5 11. dxe5 Nxe5 12. Nxe5 Bxe5 13. Bxh7+ Kxh7 14.
Qh5+ Kg8 15. Qxe5 Re8 16. Qc3 Qh4 17. Be3 Re6 18. Rad1 Rg6 19. f3 Bh3 20. Rf2
c5 21. Bxc5 Bxg2 22. Rxg2 Rxg2+ 23. Kxg2 Qg5+ 24. Kf2 Qxc5+ 25. Qd4 Qc7 26. Kg2
Re8 27. Rd2 Qc6 28. b3 Re6 29. Qd5 Rg6+ 30. Kf1 Qa6 31. a4 Rh6 32. Qe4 Qf6 33.
Qxb7 Qa1+ 34. Kg2 Rg6+ 35. Kf2 Qg1+ 36. Ke2 Rg2+ 37. Kd3 Qf1+ 38. Ke4 Qe1+ 39.
Kf5 Rxd2 40. Qb8+ Kh7 0-1

[Event "AUT-chT 2001-2002"]
[Site ""]
[Date "2002.01.18"]
[Round "6.6"]
[White "Hoellrigl, Wilfried"]
[Black "Genser, Harald"]
[Result "1/2-1/2"]
[WhiteElo "2196"]
[BlackElo "2259"]
[PlyCount "106"]
[EventDate "2002.01.18"]

1. e4 e6 2. d4 d5 3. e5 c5 4. c3 Qb6 5. Nf3 Bd7 6. a3 a5 7. Be2 a4 8. O-O Nc6
9. dxc5 Bxc5 10. c4 Nge7 11. Nc3 Nd4 12. Nxd4 Bxd4 13. Bg5 Bxc3 14. bxc3 dxc4
15. Rb1 Qc7 16. Bxe7 Kxe7 17. Rxb7 Qxb7 18. Qd6+ Ke8 19. Bf3 Qb8 20. Bxa8 Qxd6
21. exd6 Bb5 22. Rb1 Kd7 23. Rxb5 Rxa8 24. Rb4 Kxd6 25. Rxc4 e5 26. Kf1 f5 27.
Ke2 Ra7 28. Kd3 g6 29. f3 Ra6 30. Rb4 Kc5 31. Rc4+ Kb5 32. Rc7 Rd6+ 33. Kc2 h5
34. c4+ Kb6 35. Re7 Kc5 36. Kc3 e4 37. Re5+ Kc6 38. fxe4 f4 39. Ra5 Rd1 40.
Rxa4 Rg1 41. Ra6+ Kc5 42. Ra5+ Kc6 43. Kd4 Rxg2 44. e5 Rd2+ 45. Ke4 g5 46. e6
Re2+ 47. Kf3 Re3+ 48. Kf2 g4 49. Rxh5 Rxe6 50. Rg5 g3+ 51. hxg3 fxg3+ 52. Kxg3
Re3+ 53. Kf4 Rc3 1/2-1/2

[Event "AUT-chT 2001-2002"]
[Site ""]
[Date "2002.01.18"]
[Round "6.1"]
[White "Chernin, Alexander"]
[Black "Hertneck, Gerald"]
[Result "1/2-1/2"]
[WhiteElo "2592"]
[BlackElo "2570"]
[PlyCount "72"]
[EventDate "2002.01.18"]

1. c4 e5 2. Nc3 Nf6 3. Nf3 Nc6 4. g3 Bb4 5. Bg2 O-O 6. O-O d6 7. d3 h6 8. Na4
Bc5 9. a3 a5 10. e3 Re8 11. b3 Ba7 12. Bb2 Bf5 13. h3 e4 14. dxe4 Nxe4 15. Kh2
Nc5 16. Nxc5 Bxc5 17. Ng1 Be4 18. Bxe4 Rxe4 19. Ne2 Re8 20. Nf4 Ne5 21. Rc1 Rb8
22. a4 c6 23. Nd3 Nxd3 24. Qxd3 b5 25. cxb5 cxb5 26. axb5 Qb6 27. Qc3 f6 28.
Qc4+ Kh8 29. Qf4 Rf8 30. Bd4 Bxd4 31. exd4 Qxb5 32. Qxd6 Rfd8 33. Qc5 Rd5 34.
Qxb5 Rbxb5 35. Rfe1 Rxd4 36. Rc3 Rd7 1/2-1/2

[Event "AUT-chT 2001-2002"]
[Site ""]
[Date "2002.01.18"]
[Round "6.2"]
[White "Tischbierek, Raj"]
[Black "Luther, Thomas"]
[Result "1-0"]
[WhiteElo "2493"]
[BlackElo "2604"]
[PlyCount "55"]
[EventDate "2002.01.18"]

1. d4 d5 2. c4 c6 3. Nf3 Nf6 4. Nc3 e6 5. Bg5 h6 6. Bxf6 Qxf6 7. Qc2 dxc4 8. e3
b5 9. a4 Bb7 10. axb5 cxb5 11. Nxb5 Bb4+ 12. Nc3 O-O 13. Bxc4 Nd7 14. Be2 e5
15. O-O a5 16. Rad1 Rfc8 17. d5 a4 18. Qe4 Bxc3 19. bxc3 Nc5 20. Qxe5 Qxe5 21.
Nxe5 Ne4 22. c4 Nc3 23. Rd2 a3 24. Bd3 Nxd5 25. cxd5 a2 26. Ra1 Bxd5 27. f4
Rab8 28. Kf2 1-0